000 01744cam a22005054i 4500
003 PE-LiUPU
005 20250731165454.0
008 150623s r 000 0 d
020 _a1565631315
035 _a(Sirsi) i9781565631311
035 _a(Sirsi) i9781565631311
040 _aPE-LiUPU
_bspa
_cPE-LiUPU
_erda
049 _aPRUA
082 0 4 _a477
_bD23d
_221
100 1 _aStelten, Leo F.,
_d1925-,
_eautor.
245 1 0 _aDictionary of ecclesiastical Latin :
_bwith an appendix of Latin expressions defined and clarified /
_cLeo F. Stelten.
264 1 _aPeabody, Massachusetts :
_bHendrickson Publishers,
_c1997.
300 _a330 páginas ;
_c23 cm.
336 _atext
_2rdacontent
337 _aunmediated
_2rdamedia
338 _avolume
_2rdacarrier
505 0 _aAbbreciations. -Dictionary.
526 _aSEG44
526 _aSEG26
526 _aP151
526 _aP150
526 _aP149
526 _aP146
526 _aP145
526 _aP126
526 _aP125
526 _aP92
526 _aP75
526 _aP74
526 _aP27
526 _aP15
610 2 _aIglesia Católica
_xLiturgia
_vDiccionarios.
630 _aBiblia
_vDiccionarios.
_95969
942 _2ddc
_cBOOK
949 _aRC 477 D23D
_wDEWEY
_c1
_i48032
_lRC
_mBUL
_r0
_sY
_tBOOK
_u2015-6-24
_xTEOLOGIA
_PP35
_0COMPRA
_o.CIRCNOTE. No olvidar cambiar la fecha de devolución!!!!!!!
_o.STAFF. Colección General
994 _aC0
_bPEPRU
596 _a1
999 _aRC 477.03D D23
_wDEWEY
_c21606
_i44740
_d21606
_f2021-11-8
_g5
_lCCODEBUL1
_mBUL
_q3
_r1
_sY
_tBOOK
_u2015-6-24
_xTEOLOGIA
_PP35
_0COMPRA
_o.CIRCNOTE. No olvidar cambiar la fecha de devolución!!!!!!!
_o.STAFF. Colección General
980 _81
_gALBERTO SANCHEZ Responsable de Automatización